00892nam a2200229 a 4500001001000000003000500010005001700015008004100032010001100073011001100084040000900095100003500104245015500139260004200294500006000336502009000396650002300486650003000509650002900539650002400568856007000592000109065CHAP20220329144035.0140401s2013 mx a sm |||||||spa d a105527 a106499 cCHAP1 aGutiérrez Jiménez, Eduardo10aInfluencia de las variables climáticas en el desarrollo del hongo Mycosphaerella fijiensis Moreleth[En línea]cpor Eduardo Gutiérrez Jiménez. aChapingo, Méx. :bEl autor.,c2013. aPara ver el contenido del material haga clic en la liga aTesis (Ing. Agr. Esp. en Zonas Tropicales) -- UACH. Dirección de Centros Regionales14aControl de plagas.14aMycosphaerella fijiensis.14aPlátanoxEnfermedades.14aPlátanoxTabasco. aFinding aiduhttp://10.13.5.2/tesis/sist109065.pdfzTeclea aquí